00962nam a2200241 a 4500001001000000003000500010005001700015008004100032010001100073011001100084040000900095100003200104245019100136260004100327500006000368502008500428650003100513650002800544650002500572650002400597700002900621856007000650000113199CHAP20220329144343.0170515s2016 mx a fsm |||||||spa d a109660 a110632 cCHAP1 aMendoza Celino, Fredy Angel10aPolinización manual de dos variedades de tomate de cáscara (Physalis ixocarpa Brot.ex Horm.) en invernadero /h[En línea]cpor Fredy Angel Mendoza Celino y Adrián Gámez Torres. aChapingo, Méx. :bEl autor,c2016. aPara ver el contenido del material haga clic en la liga aTesis (Agrónomo en Horticultura Protegida) -- UACH. Departamento de Fitotecnia14aTomatexNormas de calidad.14aTomatexPolinización.14aTomatexRendimiento.14aTomatexVariedades.1 aGámez Torres, Adrián aFinding aiduhttp://10.13.5.2/tesis/sist113199.pdfzTeclea aquí